| 000 | 00835cam a22002294a 4500 | ||
|---|---|---|---|
| 008 | |||
| 020 | _a0534364330 (pbk.) | ||
| 049 | _aMAIN | ||
| 090 |
_aQA303.5.D37 _bSIN |
||
| 245 | 0 | 0 |
_aSingle variable CalcLabs with Maple : _bfor Stewart's fourth edition, Calculus, Single variable calculus, Calculus--early transcendentals, Single variable calculus--early transcendentals / _cAl Boggess ... [et al.]. |
| 260 |
_aPacific Grove, CA : _bBrooks/Cole Pub., _cc1999. |
||
| 300 |
_axv, 199 p. : _bill. ; _c24 cm. |
||
| 500 | _aIncludes index. | ||
| 650 | 0 |
_aCalculus _xData processing. |
|
| 630 | 0 | 0 | _aMaple (Computer file) |
| 700 | 1 | _aBoggess, Albert. | |
| 907 |
_a.b10344032 _b26-06-14 _c26-06-14 |
||
| 003 | |||
| 005 | 20230123122057.0 | ||
| 040 | _cNUST | ||
| 942 |
_cBOOKS _kQA303.5.D37 _mSIN |
||
| 999 |
_c127404 _d127404 |
||